Reply to comment from Liotta and Rizzo on “Evolution of CO2, SO2 , HCl and HNO3 in the volcanic plumes from Etna” by Voigt et al. [Geophys. Res. Lett.; 41, doi:10.1002/2013GL058974]

Gespeichert in:
Bibliographische Detailangaben
Hauptverfasser: Voigt, Christiane (VerfasserIn) , Jessberger, P. (VerfasserIn) , Jurkat, T. (VerfasserIn) , Kaufmann, S. (VerfasserIn) , Baumann, R. (VerfasserIn) , Schlager, H. (VerfasserIn) , Bobrowski, Nicole (VerfasserIn) , Giuffrida, G. (VerfasserIn) , Salerno, G. (VerfasserIn)
Dokumenttyp: Article (Journal) Editorial
Sprache:Englisch
Veröffentlicht: 8 October 2014
In: Bulletin of volcanology
Year: 2014, Jahrgang: 76, Heft: 11, Pages: 1-5
ISSN:1432-0819
Online-Zugang:Verlag, lizenzpflichtig, Volltext: https://link.springer.com/article/10.1007/s00445-014-0865-z
Volltext
Verfasserangaben:C. Voigt, P. Jessberger, T. Jurkat, S. Kaufmann, R. Baumann, H. Schlager, N. Bobrowski, G. Giuffrida, G. Salerno

MARC

LEADER 00000caa a2200000 c 4500
001 175356591X
003 DE-627
005 20220819161134.0
007 cr uuu---uuuuu
008 210409s2014 xx |||||o 00| ||eng c
024 7 |a 10.1007/s00445-014-0865-z  |2 doi 
035 |a (DE-627)175356591X 
035 |a (DE-599)KXP175356591X 
035 |a (OCoLC)1341404040 
040 |a DE-627  |b ger  |c DE-627  |e rda 
041 |a eng 
084 |a 29  |2 sdnb 
100 1 |a Voigt, Christiane  |d 1971-  |e VerfasserIn  |0 (DE-588)1136667997  |0 (DE-627)893421952  |0 (DE-576)490746209  |4 aut 
245 1 0 |a Reply to comment from Liotta and Rizzo on “Evolution of CO2, SO2 , HCl and HNO3 in the volcanic plumes from Etna” by Voigt et al. [Geophys. Res. Lett.; 41, doi:10.1002/2013GL058974]  |c C. Voigt, P. Jessberger, T. Jurkat, S. Kaufmann, R. Baumann, H. Schlager, N. Bobrowski, G. Giuffrida, G. Salerno 
264 1 |c 8 October 2014 
300 |a 5 
336 |a Text  |b txt  |2 rdacontent 
337 |a Computermedien  |b c  |2 rdamedia 
338 |a Online-Ressource  |b cr  |2 rdacarrier 
500 |a Gesehen am 09.04.2021 
700 1 |a Jessberger, P.  |e VerfasserIn  |4 aut 
700 1 |a Jurkat, T.  |e VerfasserIn  |4 aut 
700 1 |a Kaufmann, S.  |e VerfasserIn  |4 aut 
700 1 |a Baumann, R.  |e VerfasserIn  |4 aut 
700 1 |a Schlager, H.  |e VerfasserIn  |4 aut 
700 1 |a Bobrowski, Nicole  |e VerfasserIn  |0 (DE-588)1025103068  |0 (DE-627)721132693  |0 (DE-576)185885179  |4 aut 
700 1 |a Giuffrida, G.  |e VerfasserIn  |4 aut 
700 1 |a Salerno, G.  |e VerfasserIn  |4 aut 
773 0 8 |i Enthalten in  |t Bulletin of volcanology  |d Berlin : Springer, 1986  |g 76(2014), 11, Seite 1-5  |h Online-Ressource  |w (DE-627)253390397  |w (DE-600)1458483-9  |w (DE-576)072283432  |x 1432-0819  |7 nnas  |a Reply to comment from Liotta and Rizzo on “Evolution of CO2, SO2 , HCl and HNO3 in the volcanic plumes from Etna” by Voigt et al. [Geophys. Res. Lett.; 41, doi:10.1002/2013GL058974] 
773 1 8 |g volume:76  |g year:2014  |g number:11  |g pages:1-5  |g extent:5  |a Reply to comment from Liotta and Rizzo on “Evolution of CO2, SO2 , HCl and HNO3 in the volcanic plumes from Etna” by Voigt et al. [Geophys. Res. Lett.; 41, doi:10.1002/2013GL058974] 
787 0 8 |i Ergänzung zu  |a Voigt, Christiane, 1971 -   |t Evolution of CO2, SO2, HCl, and HNO3 in the volcanic plumes from Etna  |d 2014  |w (DE-627)1543770231  |w (DE-576)473770237 
856 4 0 |u https://link.springer.com/article/10.1007/s00445-014-0865-z  |x Verlag  |z lizenzpflichtig  |3 Volltext 
951 |a AR 
992 |a 20210409 
993 |a Editorial 
994 |a 2014 
998 |g 1025103068  |a Bobrowski, Nicole  |m 1025103068:Bobrowski, Nicole  |d 130000  |d 130500  |e 130000PB1025103068  |e 130500PB1025103068  |k 0/130000/  |k 1/130000/130500/  |p 7 
999 |a KXP-PPN175356591X  |e 3904280414 
BIB |a Y 
SER |a journal 
JSO |a {"person":[{"family":"Voigt","given":"Christiane","display":"Voigt, Christiane","role":"aut"},{"role":"aut","family":"Jessberger","given":"P.","display":"Jessberger, P."},{"role":"aut","family":"Jurkat","display":"Jurkat, T.","given":"T."},{"family":"Kaufmann","display":"Kaufmann, S.","given":"S.","role":"aut"},{"role":"aut","family":"Baumann","display":"Baumann, R.","given":"R."},{"family":"Schlager","display":"Schlager, H.","given":"H.","role":"aut"},{"family":"Bobrowski","given":"Nicole","display":"Bobrowski, Nicole","role":"aut"},{"given":"G.","display":"Giuffrida, G.","family":"Giuffrida","role":"aut"},{"role":"aut","family":"Salerno","given":"G.","display":"Salerno, G."}],"type":{"media":"Online-Ressource","bibl":"article-journal"},"physDesc":[{"extent":"5 S."}],"recId":"175356591X","title":[{"title":"Reply to comment from Liotta and Rizzo on “Evolution of CO2, SO2 , HCl and HNO3 in the volcanic plumes from Etna” by Voigt et al. [Geophys. Res. Lett.; 41, doi:10.1002/2013GL058974]","title_sort":"Reply to comment from Liotta and Rizzo on “Evolution of CO2, SO2 , HCl and HNO3 in the volcanic plumes from Etna” by Voigt et al. [Geophys. Res. Lett.; 41, doi:10.1002/2013GL058974]"}],"language":["eng"],"name":{"displayForm":["C. Voigt, P. Jessberger, T. Jurkat, S. Kaufmann, R. Baumann, H. Schlager, N. Bobrowski, G. Giuffrida, G. Salerno"]},"origin":[{"dateIssuedKey":"2014","dateIssuedDisp":"8 October 2014"}],"relHost":[{"type":{"bibl":"periodical","media":"Online-Ressource"},"recId":"253390397","note":["Gesehen am 23.06.14","Fortsetzung der Druck-Ausgabe"],"language":["eng"],"corporate":[{"display":"International Association of Volcanology and Chemistry of the Earth's Interior","role":"isb"}],"origin":[{"publisherPlace":"Berlin ; Heidelberg ; New York","dateIssuedKey":"1986","dateIssuedDisp":"1986-","publisher":"Springer"}],"title":[{"title":"Bulletin of volcanology","subtitle":"official journal of the International Association of Volcanology and Chemistry of the Earth's Interior (IAVCEI)","title_sort":"Bulletin of volcanology"}],"part":{"text":"76(2014), 11, Seite 1-5","year":"2014","volume":"76","issue":"11","pages":"1-5","extent":"5"},"pubHistory":["48.1986 -"],"physDesc":[{"extent":"Online-Ressource"}],"id":{"zdb":["1458483-9"],"eki":["253390397"],"issn":["1432-0819"]},"disp":"Reply to comment from Liotta and Rizzo on “Evolution of CO2, SO2 , HCl and HNO3 in the volcanic plumes from Etna” by Voigt et al. [Geophys. Res. Lett.; 41, doi:10.1002/2013GL058974]Bulletin of volcanology"}],"note":["Gesehen am 09.04.2021"],"id":{"doi":["10.1007/s00445-014-0865-z"],"eki":["175356591X"]}} 
SRT |a VOIGTCHRISREPLYTOCOM8201